|
|
|
|
| LEADER |
00000naa2a2200000 4500 |
| 001 |
102642 |
| 005 |
20240111144431.0 |
| 035 |
|
|
|a (RuTPU)RU\TPU\book\110667
|
| 090 |
|
|
|a 102642
|
| 100 |
|
|
|a 20061002d2004 k y0rusy50 ca
|
| 101 |
0 |
|
|a rus
|
| 102 |
|
|
|a RU
|
| 200 |
1 |
|
|a Исследование процесса разделения фторсодержащей смеси на таблетированном фториде кальция
|f Е. Н. Сачкова [и др.]
|
| 320 |
|
|
|a Библиогр.: 1 назв.
|
| 463 |
|
0 |
|0 (RuTPU)RU\TPU\book\73188
|y 5-7262-0526-1
|t Физико-технические проблемы атомной энергетики и промышленности (производство, наука, образование)
|o Международная научно-практическая конференция, Томск, 7-9 июня 2004 г.
|o сборник тезисов докладов
|v С. 127.
|f Российская Федерация, Федеральный надзор по ядерной и радиационной безопасности (Госатомнадзор России) [ др.]
|d 2004
|p 187 с.
|
| 610 |
1 |
|
|a фторсодержащие смеси
|
| 610 |
1 |
|
|a разделение
|
| 610 |
1 |
|
|a фторид кальция
|
| 610 |
1 |
|
|a гексафторид урана
|
| 610 |
1 |
|
|a труды учёных ТПУ
|
| 701 |
|
1 |
|a Сачкова
|b Е. Н.
|
| 701 |
|
1 |
|a Жерин
|b И. И.
|c российский химик
|c профессор Томского политехнического университета, доктор химических наук
|f 1955-
|g Иван Игнатьевич
|3 (RuTPU)RU\TPU\pers\25854
|9 11723
|
| 701 |
|
1 |
|a Торгунаков
|b Ю. Б.
|
| 701 |
|
1 |
|a Усов
|b В. Ф.
|
| 801 |
|
1 |
|a RU
|b 63413507
|c 20061002
|g PSBO
|
| 801 |
|
2 |
|a RU
|b 63413507
|c 20120616
|g PSBO
|
| 942 |
|
|
|c BK
|